LEADER 02433nam 2200565 a 450 001 9910460213403321 005 20200520144314.0 010 $a1-282-66044-6 010 $a9786612660443 010 $a0-309-15423-5 035 $a(CKB)2670000000040031 035 $a(EBL)3378634 035 $a(SSID)ssj0000429919 035 $a(PQKBManifestationID)11276586 035 $a(PQKBTitleCode)TC0000429919 035 $a(PQKBWorkID)10452786 035 $a(PQKB)11140951 035 $a(MiAaPQ)EBC3378634 035 $a(Au-PeEL)EBL3378634 035 $a(CaPaEBR)ebr10399495 035 $a(CaONFJC)MIL266044 035 $a(OCoLC)657413889 035 $a(EXLCZ)992670000000040031 100 $a20100805d2010 uy 0 101 0 $aeng 135 $aurcn||||||||| 181 $ctxt 182 $cc 183 $acr 200 10$aToxicity-pathway-based risk assessment$b[electronic resource] $epreparing for paradigm change : a symposium summary /$fEllen Mantus ; Standing Committee on Risk Analysis Issues and Reviews, Board on Environmental Studies and Toxicology, Division on Earth and Life Studies 210 $aWashington, D.C. $cNational Academies Press$d2010 215 $a1 online resource (135 p.) 300 $aDescription based upon print version of record. 311 $a0-309-15422-7 327 $a""Front Matter""; ""Preface""; ""Contents""; ""Summary of the Symposium""; ""Appendixes""; ""Appendix A: Biographic Information on the Standing Committee on Risk Analysis Issues and Reviews""; ""Appendix B: Biographic Information on the Planning Committee for a Symposium on Toxicity-Pathway-Based Risk Assessment""; ""Appendix C: Symposium Agenda""; ""Appendix D: Biographic Information on the Speakers and Panelists for a Symposium on Toxicity-Pathway-Based Risk Assessment""; ""Appendix E: Symposium Presentations""; ""Appendix F: Poster Abstracts"" 606 $aToxicity testing 608 $aElectronic books. 615 0$aToxicity testing. 676 $a615.907 701 $aMantus$b Ellen$0913461 712 02$aStanding Committee on Risk Analysis Issues and Reviews. 712 02$aBoard on Environmental Studies and Toxicology. 712 02$aDivision on Earth and Life Studies. 801 0$bMiAaPQ 801 1$bMiAaPQ 801 2$bMiAaPQ 906 $aBOOK 912 $a9910460213403321 996 $aToxicity-pathway-based risk assessment$92046116 997 $aUNINA